00388nam a22001217a 4500008004100000040005500041080001500096245004300111260007500154300001100229650001500240653001100255230612b |||||||| |||| 00| 0 eng d aNational Science LibrarycNational Science Library aR 912 bK6 aOdyssey world atlas c/ Odyssey Books  aNew York: bTrade Division of Western Publishing Company, Inc., c1966 a317p.  aGeography  aAtlas